00406nam a2200181Ia 4500008004100000020001800041050001400059100001900073245001700092245002200109260001400131260001600145260000900161300001400170300002200184300001000206500000800216170918s9999 xx 000 0 und d a9780153075254 bC226 1993 aCannon, Janell aStellaluna / cby Janell Cannon. aOrlando : bScholastic, c1993 aunpaged : bchiefly colored ; c25cm. a550